Quiz football N°1 - Statistiques

Statistiques générales
  • Ce quiz a été pris 433 fois
    421 depuis la dernière actualisation
  • Le résultat moyen est 8 sur 10
Statistiques - réponses
Question Réponse % Correct
Quel joueur allemand a inscrit 16 buts en phase finale de Coupe du monde ? Miroslav Klose
100%
Quel est le montant du transfert de Neymar au PSG ? 222 millions d'euros
96%
Qui est le seul club français a avoir gagné la ligue des champions ? Marseille
96%
En quelle année le Brésil a-t-il gagné sa première coupe du monde ? 1958
93%
Quel est le nom de l'entraineur qui a fait gagner la LDC au Réal de Madrid 3 fois consécutivement ? Zinédine Zidane
93%
Qui est le meilleur buteur de l'histoire de l'équipe de France ? Thierry Henry
89%
Dans quel pays s'est déroulée la Coupe du Monde 2010 Afrique du Sud
85%
Quel est le meilleur buteur sur une coupe du monde ? Just Fontaine
74%
Quel est le véritable nom du joueur "Hulk" ? Givanildo Vieira de Souza
63%
Combien de Ballon d'Or ont été gagnés par des joueurs français ? 6
11%
Aucun quiz correspondant
Distribution des résultats
% des personnes avec chaque résultat
Percentile par nombre de réponses
Votre historique - résultats
Vous n’avez pas pris ce quiz depuis la dernière actualisation